Essays on Turkish literature and history /

In Essays on Turkish Literature and History Barbara Flemming makes available essays partly previously published in German. They offer insights gained through decades of scholarship. Although the Ottoman period is central, a wide range is covered, including an early Turkish principality, Mamluk and O...

Full description

Saved in:

Main Author: Flemming, Barbara.

Format: eBook

Language: English

Published: Leiden ; Boston : Brill, 2018.

Series: Middle East and Islamic Studies E-Books Online, Collection 2018, ISBN: 9789004353343.

Subjects:

Online Access: Login to view Source

Tags: Add Tag

No Tags, Be the first to tag this record!

Call Number: PL206

LEADER 04444nam a2200469 i 4500
001 BRILL9789004355767
003 nllekb
005 20211118222714.0
006 m d
007 cr un uuuua
008 170803s2018 ne sb 001 0 eng d
010 |a  2017037118 
020 |a 9789004355767  |q (electronic book) 
020 |z 9789004293106  |q (print) 
024 7 |a 10.1163/9789004355767  |2 DOI 
035 |a  2017037118  |6 ORIG 
040 |a NL-LeKB  |c NL-LeKB  |e rda 
043 |a a-tu--- 
050 4 |a PL206 
072 7 |a HBJF1  |2 bicssc 
072 7 |a HIS026000  |2 bisacsh 
082 0 4 |a 894/.3509  |2 23 
100 1 |a Flemming, Barbara. 
245 1 0 |a Essays on Turkish literature and history /  |c by Barbara Flemming. 
264 1 |a Leiden ;  |a Boston :  |b Brill,  |c 2018. 
300 |a 1 online resource. 
336 |a text  |b txt  |2 rdacontent 
337 |a computer  |b c  |2 rdamedia 
338 |a online resource  |2 rdacarrier 
504 |a Includes bibliographical references and index. 
505 0 0 |a Preliminary Material -- 1 Faḫrī's Ḫusrev u Şīrīn from the year 1367: A Turkish mesnevī from the Emirate period -- 2 Turkish Manuscripts in the Staatsbibliothek -- 3 Şerīf, Sultan Ġavrī and the "Persians" -- 4 Some Remarks on Turkish Prose before the Tanẓīmāt Period -- 5 A Ġazel by Ḥasan oġlï (Unknown Poems in the Dīvān of Sultan Ġavrī) -- 6 The Pre-Wahhābī Fitna in Ottoman Cairo: 1711 -- 7 From the Evening Talks of Sultan Ġavrī -- 8 Ḥālet Efendi's Second Audience with Napoleon -- 9 Literary Activities in Mamluk Halls and Barracks -- 10 Languages of Turkish Poets -- 11 Karl Süssheim 1877-1947: On his Hundredth Birthday, June 21st 1878/1978 -- 12 Three Turkish Chroniclers in Ottoman Cairo -- 13 Literature in the Days of the Alphabet Change -- 14 The Cāmiʿ ül-meknūnāt: A Source of ʿĀlī from the Time of Sultan Süleymān -- 15 Two Turkish Bible Manuscripts in Leiden as Middle-Ottoman Linguistic Monuments -- 16 Romantic Emigrants in the Empire of Abdülhamid -- 17 Ṣāḥib-qırān and Mahdī: Turkish Expectations of the End of Time in the First Decade of the Rule of Süleymān -- 18 Political Genealogies in the Sixteenth Century -- 19 A Sixteenth-Century Turkish Apology for Islam: The Gurbetname-i Sultan Cem  -- 20 Glimpses of Turkish Saints: Another Look at Lamiʿi and Ottoman Biogra­phers -- 21 Public Opinion under Sultan Süleymân -- 22 Notes on ʿAruż in Turkish collections -- 23 The Sultan's Prayer before Battle -- 24 Re-reading the Story of the Religious "Fitna" of 1711 -- 25 The Poem in the Chronicle: The Use of Poetry in Early Ottoman Historiography -- 26 ʿĀşıḳpaşazāde's View of Women -- 27 Female Participation in Earlier Islamic Mysticism (9th to 16th Century) -- 28 Goethe and Diez in the year 1790 -- 29 On the Çırçıp: Yesterday and Today -- Publications -- Index. 
506 |a Available to subscribing member institutions only. 
520 |a In Essays on Turkish Literature and History Barbara Flemming makes available essays partly previously published in German. They offer insights gained through decades of scholarship. Although the Ottoman period is central, a wide range is covered, including an early Turkish principality, Mamluk and Ottoman Egypt, and contemporary southeastern Turkey. The essays look into historical and political factors involved in the preoccupation with the world's ending, into Muslim-Christian dialogue, the sultan's prayer before battle, and the bilingualism of poets. Of particular interest are the sections on female participation in mysticism, on an anti-Sufi movement in Cairo, on the Ottoman capital's appeal to collectors and emigrants (Diez, Süssheim, Böhlau), and on the far-reaching effects of alphabet change. 
588 |a Description based on print version record and CIP data provided by publisher; resource not viewed. 
650 0 |a Turkish literature  |x History and criticism. 
651 0 |a Turkey  |x Civilization. 
776 0 8 |i Print version:  |a Flemming, Barbara.  |t Essays on Turkish literature and history  |d Leiden ; Boston : Brill, 2017  |z 9789004293106  |w (DLC) 2017036761 
830 0 |a Middle East and Islamic Studies E-Books Online, Collection 2018, ISBN: 9789004353343. 
856 4 |z DOI:   |u http://dx.doi.org/10.1163/9789004355767 
942 |2 lcc  |c EBOOK 
952 |0 0  |1 0  |2 lcc  |4 0  |7 1  |9 23343  |a BRILL  |b BRILL  |d 2021-11-18  |l 0  |r 2021-11-18 00:00:00  |w 2021-11-18  |y EBOOK 
999 |c 40817  |d 40817